| 000 | 00469nam a22001697a 4500 | ||
|---|---|---|---|
| 003 | NUST - PNEC | ||
| 005 | 20170116180924.0 | ||
| 008 | 150905b xxu||||| |||| 00| 0 eng d | ||
| 020 | _a- | ||
| 040 | _cLIBRARY | ||
| 082 | _a620.7 WAR | ||
| 100 |
_97961 _aWard, John R. |
||
| 245 |
_aThe signal flow graph in linear systems analysis; a programmed text _c John R. Ward and Robert D. Strum |
||
| 260 | _cc.1968 | ||
| 650 |
_97963 _aFlowgraphs _xEE |
||
| 942 |
_2ddc _cBK |
||
| 999 |
_c65731 _d65731 |
||